| 000 | 01158nam a2200373 i 4500 | ||
|---|---|---|---|
| 001 | 45504 | ||
| 003 | KOSZ 005 | ||
| 005 | 20211011104821.0 | ||
| 008 | 050303s2004 pl a f |000 0 pol | ||
| 015 | _aPB 2005/4695 | ||
| 020 | _a8372794316 | ||
| 035 | _a(OCoLC)749817476 | ||
| 040 |
_aWA N _cKOSZ 005/HR _dKOSZ 005/HR |
||
| 041 | 0 | _apol | |
| 046 | _k2004 | ||
| 080 | _a004.42 | ||
| 080 | _a004.92 | ||
| 080 | _a(07) | ||
| 100 | 1 |
_aGajda, Włodzimierz _eAutor |
|
| 245 | 1 | 0 |
_aGIMP w zastosowaniach / _cWłodzimierz Gajda. |
| 260 |
_aWarszawa : _b"Mikom", _c2004. |
||
| 300 |
_a178 s., [4] s. tabl. kolor. : _bil., fot., rys. ; _c24 cm. |
||
| 380 | _aKsiążki | ||
| 388 | _a2001- | ||
| 490 | 1 | _aProsto, Poglądowo, Wnikliwie o Grafice. | |
| 650 | 4 | _aGIMP | |
| 650 | 4 | _aProgramy graficzne | |
| 655 | 4 | _aPodręcznik | |
| 658 | _aInformatyka i technologie informacyjne | ||
| 710 | 2 |
_aWydawnictwo Mikom _4pbl. |
|
| 830 | 0 | _aProsto, Poglądowo, Wnikliwie o Grafice | |
| 856 |
_uhttp://koha.tu.koszalin.pl/cgi-bin/koha/opac-detail.pl?biblionumber=45504 _zKatalog online BPK |
||
| 942 |
_2UKD _cKS |
||
| 999 |
_c45504 _d45504 |
||